Normal view
MARC view
Entry Personal Name
001 - CONTROL NUMBER
- control field: 2647
003 - CONTROL NUMBER IDENTIFIER
- control field: ARRUPE
005 - DATE AND TIME OF LATEST TRANSACTION
- control field: 20131022171825.0
008 - FIXED-LENGTH DATA ELEMENTS
- fixed length control field: 131022|| aca||aabn | a|a d
040 ## - CATALOGING SOURCE
- Original cataloging agency: ARRUPE
- Transcribing agency: ARRUPE
100 ## - HEADING--PERSONAL NAME
- Personal name: Bristow, John Temple.
670 ## - SOURCE DATA FOUND
- Source citation: Work cat.: (ARRUPE)0: Bristow, John Temple., What Paul really said about women /, c1988.